00630nam a22002057a 450000500170000001000130001702000220003003500130005203700160006504000120008108200190009310000170011224500530012926000500018227000540023230000250028650000540031165000350036565000240040020170124110144.0 aA-140452 c29.00a0876920768 aA-140452 bCen Lib/Ret aDPLbEN a641.10954bSHU aShukla, P. K aNutritional problems of India /cby P. K. Shukla aNew DelhibPrentice-Hall of India c1982 aM-97, Connaught Circus bNew Delhie110001 axvi,272p. c22cm(Hb) aIncludes bibliographical references and index  aNutritionally induced diseases aNutrition disorders